000 00737cam a22002058i 4500
008 180108s2019 pau b 001 0 eng
020 _a9780323443449 (hardcover : alk. paper)
050 0 0 _aSF911
_b.f67
082 0 0 _a636.089/7
100 1 _aFossum, Theresa Welch,
245 1 0 _aSmall animal surgery /
_cTheresa Welch Fossum ; illustrator, Laura Pardi Duprey.
250 _a5.
260 _aPhiladelpia
_bElsevier Ltd
_c2019
300 _ap. ;
500 _aPreceded by Small animal surgery / [edited by] Theresa Welch Fossum ; Laura Pardi Duprey, Theodore G. Huff, medical illustrators. 4th ed. 2013.
650 1 2 _aSurgery, Veterinary
650 2 2 _aAnimal Diseases
_xsurgery
650 2 2 _aAnimals, Domestic
_xsurgery
942 _cBK
999 _c2406
_d2406